000 00484 a2200145 4500
003 OSt
005 20231214143221.0
008 231214b |||||||| |||| 00| 0 eng d
020 _a9789350121313
040 _coclc
082 _a530
_bGUP/I
245 _aR Gupta's IIT-JAM PHYSICS :
_bprevious years papers & practice test papers ( solved with explanations)
260 _aNew Delhi:
_bRamesh publishing house,
_c2023.
942 _2ddc
_cBK
_h530
_iGUP/I
_k530
_mGUP/I
999 _c44207
_d44207